000 01516nam a2200205Ia 4500
001 b6390-45641
003 IT-MiCISF
008 161014s9999||||xx |||||||||||||| ||und||
040 _aIT-MiCISF
_cIT-MiCISF
041 _ait
100 _aMilitello Cettina (a cura di)
245 0 _aIl Vaticano II e la sua ricezione al femminile
250 _a1a ed.
260 _aBologna
_bDehoniane
_c2007
300 _app. 255
500 _aMilitello C., Maggiani S., Sorci P., Trapani V., Scaiola D., Fisichella R., Noceti S., Lambiasi F., Autiero A., Aparicio Valls C., Carnicella M.C., Dotolo C., Mazzolini S., Perroni M., Valenzano C. / donna, chiesa, teologia / Il volume traccia un bilancio del Concilio Vaticano II a partire da una peculiare prospettiva: la novità che il Concilio ha comportato sul fronte delle donne. E tiene presenti i due aspetti della questione: quello del vissuto e della partecipazione ecclesiali, e quello dell'accesso allo studio, alla ricerca, all'insegnamento della teologia, impensabile solo cinquant'anni fa. I contributi proposti sono l'esito del colloquio organizzato dall'Istituto "Costanza Scelfo" per i problemi dei laici e delle donne nella Chiesa. Ogni tema viene approfondito a due voci, un uomo e una donna, rispetto alle quattro costituzioni conciliari fondamentali; una polarità feconda poi proposta, seppure in forma diversa, per altri testi conciliari (decreti e dichiarazioni).
650 _a Temi di pastorale / donna
_e012
942 _cBK
957 _71
999 _a45641
_bsi
_g1
_c210658
_d210658